কোরআন শরীফ / (Record no. 13853)
[ view plain ]
| 000 -LEADER | |
|---|---|
| fixed length control field | 00753nam a2200229 a 4500 |
| 001 - CONTROL NUMBER | |
| JCCL Control Number | 13853 |
| 003 - CONTROL NUMBER IDENTIFIER | |
| JCCL marc code | BD-JhCC |
| 005 - DATE AND TIME OF LATEST TRANSACTION | |
| control field | 20240423123450.0 |
| 008 - FIXED-LENGTH DATA ELEMENTS--GENERAL INFORMATION | |
| fixed length control field | 180114s19992021b |||| || | 000 0 b d |
| 020 ## - INTERNATIONAL STANDARD BOOK NUMBER | |
| International Standard Book Number | 9844380278 |
| 035 ## - SYSTEM CONTROL NUMBER | |
| system control number | (BD-JhCC13853 |
| 040 ## - CATALOGING SOURCE | |
| Original cataloging agency | BD-JhCC |
| Modifying agency | BD-JhCC |
| 041 ## - LANGUAGE CODE | |
| Language code of Book | Bengali |
| 082 ## - DEWEY DECIMAL CLASSIFICATION NUMBER | |
| Classification number | 297.1227 |
| Author mark and Year | RAH 2021 |
| 100 ## - MAIN ENTRY--PERSONAL NAME | |
| Personal name | রহমান, ড. মুহাম্মদ মুস্তাফিজুর |
| 245 ## - TITLE STATEMENT | |
| Title | কোরআন শরীফ / |
| Statement of responsibility, etc | অনু: ড. মুহাম্মদ মুস্তাফিজুর রহমান |
| 260 ## - PUBLICATION, DISTRIBUTION, ETC. (IMPRINT) | |
| Place of publication, distribution, etc | ঢাকা : |
| Name of publisher, distributor, etc | খােশরোজ কিতাব মহল; |
| Date of publication, distribution, etc | 2021. |
| 300 ## - PHYSICAL DESCRIPTION | |
| Pagination | 406 p. : |
| Dimensions | 22 cm. |
| 650 ## - SUBJECT ADDED ENTRY--TOPICAL TERM | |
| Topical term or geographic name as entry element | Al- Quran |
| 942 ## - ADDED ENTRY ELEMENTS (KOHA) | |
| Source of classification or shelving scheme | Dewey Decimal Classification |
| Koha item type | Books |
| Source of classification or shelving scheme | Damaged status | Not for loan | Home library | Current library | Shelving location | Date of accession | Source of acquisition | Cost, normal purchase price | Total Checkouts | Full call number | Barcode | Date last seen | Copy number | Method of acquisition | Koha item type | Currency |
|---|---|---|---|---|---|---|---|---|---|---|---|---|---|---|---|---|
| Dewey Decimal Classification | JCC Rouf Library | JCC Rouf Library | General Stacks | With The Compliments Of 7th Intake | 200.00 | 297.1227 RAH 2021 | 19228 | 04/23/2024 | C-1 | Gift/Donation | Books | BDT |